[Event "FRA-chT4 1415"]
[Site "Champagne Ardennes"]
[Date "2014.10.12"]
[Round "1"]
[White "Vega, Emmanuel"]
[Black "Akremann, Jordan"]
[Result "1-0"]
[WhiteElo "1736"]
[BlackElo "1550"]
[PlyCount "89"]
[EventDate "2014.10.16"]
[EventType "team-tourn"]
[EventRounds "7"]
[EventCountry "FRA"]
[SourceTitle "EXT 2024"]
[Source "ChessBase"]
[SourceDate "2023.10.10"]
[SourceVersion "1"]
[SourceVersionDate "2023.10.10"]
[SourceQuality "1"]

1. e4 e5 2. Nf3 Nc6 3. Bb5 a6 4. Ba4 Nf6 5. 0-0 Be7 6. Re1 0-0 7. c3 b5 8. Bc2 d5 9. exd5 Qxd5 10. h3 Bb7 11. Bb3 Qd6 12. d4 exd4 13. Nxd4 Rfe8 14. Be3 Na5 15. Bc2 Rad8 16. Na3 Nd5 17. Nf5 Qd7 18. Qg4 Bf6 19. Bg5 Qc6 20. Nh6+ Kf8 21. Nf5 Bxg5 22. Qxg5 Qf6 23. Qg4 Bc8 24. Rxe8+ Rxe8 25. Qf3 Bb7 26. Qg3 Re5 27. Ne3 Nf4 28. Ng4 Ne2+ 29. Kh2 Nxg3 30. Nxf6 gxf6 31. Kxg3 Rg5+ 32. Kf4 Rxg2 33. f3 Rh2 34. Kg3 Re2 35. b4 Nc4 36. Nxc4 Rxc2 37. Na5 Bd5 38. Rd1 c6 39. Rd3 Rxa2 40. Nb7 Re2 41. Nc5 Ra2 42. Nd7+ Kg7 43. Rd4 Ra3 44. Rg4+ Kh8 45. Nxf6 1-0